000 01752nam a2200421 i 4500
001 192743
003 SpMaBN
005 20251123063312.0
007 ta
008 230518s2020 sp a | |||| 000 0aeng
017 _aLE 171-2020
_bOficina Depósito Legal León
020 _a9788409213269
040 _aSpMaBN
_bspa
_cES-MaACL
_erda
080 _a929 Barrios, Agustín (093.3)
100 _aBarrios, Agustín,
_d1885-1944
_eaut
_9193658
245 1 4 _aThe diary of Agustín Barrios Mangoré :
_bhis concert autograph book (1932-1939), the diplomatic edition : in honor of the 75th anniversary of the death of the master 1944-2019 /
_cby Richard T. Pinnell and Frederick Sheppard.
264 1 _a[León] :
_bAsociación CaminoArtes,
_c[2020].
300 _a440 páginas :
_bilustraciones (color) ;
_c30 cm.
336 _aTexto
_aImagen fija
_2rdacontent
337 _asin mediación
_2rdamedia
338 _avolumen
_2rdacarrier
500 _aÍndices
501 _aCon una selección de escritos originales del autor
504 _aBibliografía: páginas 383-387
546 _aTexto en inglés y traducción en español
600 0 _aBarrios, Agustín,
_d1885-1944
_9193658
655 0 _aDiarios personales
_9193660
655 7 _aAutobiografías
_9226823
700 1 _aPinnell, Richard
_9193661
_epbd
700 1 _aSheppard, Frederick
_9193662
_epbd
740 3 _aLa crónica de conciertos de Agustín Barrios Mangoré
852 _aES-MaACL
_bR.153344
_cDEPOJ
_gRúbrica de Frederick Sheppard
_hDonación: Frederick Sheppard
_jN-8373
_xCartoné
_9200037
903 _aSheppard, Frederick
_9193662
_ednr
942 _n0
_cMONOGRAFIA
999 _c192743
_d192743